AUDIO VISUAL MATERIALS THEIR NATURE AND USE (Record no. 570024)

000 -LEADER
fixed length control field 00274nam a22001097a 4500
082 ## - DEWEY DECIMAL CLASSIFICATION NUMBER
Classification number 520
100 ## - MAIN ENTRY--PERSONAL NAME
Personal name WITTICH, WALTER ARNO,SCHULLER, C. F
9 (RLIN) 60241
245 ## - TITLE STATEMENT
Title AUDIO VISUAL MATERIALS THEIR NATURE AND USE
260 ## - PUBLICATION, DISTRIBUTION, ETC.
Place of publication, distribution, etc. NEWYORK
Name of publisher, distributor, etc. HARPER
Date of publication, distribution, etc. 1953
300 ## - PHYSICAL DESCRIPTION
Extent 564P
942 ## - ADDED ENTRY ELEMENTS (KOHA)
Koha item type Book
Holdings
Withdrawn status Lost status Damaged status Not for loan Permanent Location Current Location Shelving location Date acquired Total Checkouts Full call number Barcode Date last seen Price effective from Koha item type
        College of Electrical & Mechanical Engineering (CEME) College of Electrical & Mechanical Engineering (CEME) General Stacks 07/19/2017   520 CEME-520 06/28/2021 06/28/2021 Book
© 2023 Central Library, National University of Sciences and Technology. All Rights Reserved.